000 005950000a22001810004500
003 MACL
005 20160410155326.0
008 160410b xxu||||| |||| 00| 0 eng d
040 _aMACL
_cMACL
041 _aHindi
082 _a610
100 _aडॉ सतेन्‍द्र कुमार गुप्‍त
_951806
245 _aनेत्र रोग कारण और उपचार
260 _bविज्ञान शिक्षण केन्‍द्र
_c2004
_aदिल्‍ली
350 _a150
650 _aMedical Sci.
_933115
942 _cHIN
_k610
_2ddc
999 _c18030
_d18030